000 01308nam a2200313 c 4500
003 BLK
005 20230522092846.0
008 180413b bul|||||r ||||||| ||bul||
010 _aKNG00019045000
040 _aBLK
041 _aBUL
_cBUL
080 _aАнглийска литература
_b821.111
_x-31
_z821.111-31
100 1 _aЛорънс, Дейвид Хърбърт
_eпърви автор
_9261694
700 1 _aИ. С.
_eпрев. от фр.
_9261695
139 _aЛорънс, Дейвид Хърбърт
_bЛ 83
245 1 0 _aЛюбовникът на лейди Чатърли
_bРоман
_cДейвид Хърбърт Лорънс; прев. от фр. И. С..
250 _a3. изд.
257 _aGBR
260 София
_bБогас
_c1990
300 _a288 с.
_c20 см
380 _aX
500 _aПрев. е направен от фр. изд. L'amant de lady Chaterley ; Ориг. загл. Lady Chatteres's Lower. - 1. изд. 1934 на изд. Д. Маджаров в сер. Библиотека Златни страници ; № 13.
653 _aромани
852 _aЦб 165503
856 4 _qpdf
_u
856 4 _qpdf
_u
942 _cKNG
_n0
_06
944 _aCR
_c15.01.2003
_lф /
_kЛюдмила_Стоянова
944 _aED
_c17.05.2017
_lф /
_kЛюдмила_Стоянова
999 _c17125
_d17125